000 00273cam a22000977a 4500
008 180718b1959 xxu||||| |||| 00| 0 eng d
082 _aR6603x5452 M267r
245 _aRules under the workermen's compenstion act.
260 _aMadras
_bGovernment of Madras
_c1959
300 _a8p
999 _c496161
_d496161